Quizduell Fragen – Einfach #4 - Statistiken

Allgemein
  • Dieses Quiz wurde 512 mal gespielt
  • Das Durchschnittsergebnis liegt bei 10 aus 19
Antwortstatistiken
Kategorie Frage Antwort % Korrekt
Kunst & Kultur Wie viele Saiten hat eine Violine? 4
93%
Rund um die Welt Wie viele Bundesländer hat die Bundesrepublik Deutschland? 16
92%
Sport & Freizeit Wer oder was ist üblicherweise mit der Abkürzung „HSV“ gemeint? Hamburger Sport-Verein
86%
Im Labor Welche Abkürzung hat Eisen im Periodensystem? Fe
82%
Essen & Trinken Was versteht man unter Fructose? Fruchtzucker
82%
Wunder der Technik Von welcher Firma wurde die Xbox entwickelt? Microsoft
67%
Glaube & Religion Wer wurde 2013 Papst? Franziskus
65%
Kinofilme Wie heißt der beste Freund von Shrek? Esel
59%
Musik & Hits Welcher Musiker hatte 2014 mit „Happy“ einen Erfolgshit? Pharrell Williams
55%
Bücher & Wörter Wie heißt der „kleine Eisbär“? Lars
53%
Computerspiele Zu welchem Genre zählt das Spiel „Die Sims“? Lebenssimulation
51%
Medien & Unterhaltung Welchen Studiengang hat Kabarettist Eckart von Hirschhausen absolviert? Medizin
51%
Die 2000er Wo fand die Weltaustellung „Expo“ im Jahr 2000 statt? Hannover
39%
Körper & Geist Was versteht man im Gesundheitswesen unter „Borderline“? Psychische Störung
33%
Zeugen der Zeit Wer sagte: „Niemand hat die Absicht, eine Mauer zu errichten!“? Walter Ulbricht
29%
Comics Wie heißt die Hexe, die Dagobert Ducks ersten selbst verdienten Kreuzer stehlen will? Gundel Gaukeley
23%
Draußen im Grünen Welche Hunderasse hat eine blaue Zunge? Chow-Chow
22%
Macht & Geld Wie nennt man umgangssprachlich ein Pfandsiegel? Kuckuck
13%
TV-Serien Welchen Charakter verkörperte Sarah Jessica Parker in der Serie „Sex and the City“? Carrie Bradshaw
10%
Keine übereinstimmenden Quizze gefunden
Verteilung der Resultate
Anzahl Personen mit jedem Resultat
Perzentil nach korrekt beantworteten Fragen
Ihre Resultats-Entwicklung
Sie haben dieses Quiz noch nicht gespielt